000 00718cam a2200241 a 4500
001 1305
003 BD-RjUL
005 20211208233319.0
008 131125s1965 nyua b 00010 eng
035 _a(BD-RjUL)1327
040 _aDLC
_cWSU
_dOCL
_dSER
_dm.c.
_dBOS
_dBD-RjUL
_beng
041 _aeng
082 0 4 _a121
_bACT 1965
090 _aBD161
_b.F652
100 1 _aAckermann, Robert John,
_d1933-
_93862
245 1 0 _aTheories of knowledge :
_ba critical introduction /
_c[by] Robert Ackermann.
260 _aNew Delhi :
_bTata McGraw-Hill,
_cc1965
300 _aix, 305 p. :
_billus. ;
_c23 cm.
504 _aIncludes bibliographies.
650 0 _aKnowledge, Theory of.
_93863
942 _2ddc
_cBK
999 _c1305
_d1305